000 00380nam a2200157Ia 4500
003 LK-CoDNM
008 010623t2007 xxu||||| |||| 00| 1 eng d
040 _aLK-CoDNM
_dLK-CoDNM
_eLK-CoDNM
041 _aeng
080 _a340.6
_bABS
245 _aAbstracts
260 _bMedico - Legal Society
_aSri Lanka
_c2007
300 _bp.126, 29.5 cm
650 _aSciences
942 _cBK
999 _c126321
_d126321